| 000 | 00796cam a2200217Ia 4500 | ||
|---|---|---|---|
| 999 |
_c4418 _d4418 |
||
| 001 | 10954111 | ||
| 003 | OCoLC | ||
| 005 | 20181205170650.0 | ||
| 008 | 840716q19601969ilu 000 0 eng d | ||
| 040 |
_aNDD _cNDD _dKMA _dOCLCQ _dMZN |
||
| 082 |
_a243 _bT694P |
||
| 090 |
_aBV4520.U57 _bT67 1960 |
||
| 100 | 1 |
_aTorrey, R. A. _q(Reuben Archer), _d1856-1928 |
|
| 240 | 1 | 0 | _aPersonal work |
| 245 | 1 | 0 |
_aPersonal work : _bpart I of How to work for Christ, a compendium of effective methods / _cR.A. Torrey |
| 260 |
_aWheaton, Ill. : _bSword of the Lord Publishers, _c[196-?] |
||
| 300 |
_a179 p. ; _c21 cm |
||
| 500 | _a"This volume ... is Part I of the author's more comprehensive book ... presented in this form for special use as a textbook"--P. [8] | ||
| 650 | 0 | _aEvangelistic work | |
| 942 |
_2ddc _cBK |
||